[Event "Blitz 2018"]
[Site "Saint-Petersburg"]
[Date "2018.12.29"]
[Round "7"]
[Board "33"]
[White "Ragger Markus (AUT)"]
[Black "Tsydypov Zhamsaran (RUS)"]
[Result "0-1"]
[LiveChessVersion "1.4.8"]
[BlackElo "2573"]
[WhiteElo "2677"]

1. e4 {[%clk 0:03:03]} c5 {[%clk 0:03:02]} 2. Nf3 {[%clk 0:03:04]} d6
{[%clk 0:03:03]} 3. d4 {[%clk 0:03:06]} cxd4 {[%clk 0:03:04]} 4. Nxd4
{[%clk 0:03:06]} Nf6 {[%clk 0:03:04]} 5. Nc3 {[%clk 0:03:07]} a6 {[%clk 0:03:06]}
6. g3 {[%clk 0:03:08]} e6 {[%clk 0:03:04]} 7. Bg2 {[%clk 0:03:09]} Be7
{[%clk 0:03:04]} 8. O-O {[%clk 0:03:09]} O-O {[%clk 0:03:03]} 9. Be3
{[%clk 0:03:10]} Qc7 {[%clk 0:03:02]} 10. g4 {[%clk 0:03:11]} Nfd7
{[%clk 0:03:00]} 11. g5 {[%clk 0:03:12]} Ne5 {[%clk 0:02:57]} 12. f4
{[%clk 0:03:11]} Nc4 {[%clk 0:02:58]} 13. Bc1 {[%clk 0:03:12]} Nc6
{[%clk 0:02:53]} 14. Nxc6 {[%clk 0:02:59]} bxc6 {[%clk 0:02:53]} 15. Kh1
{[%clk 0:02:59]} f6 {[%clk 0:02:07]} 16. b3 {[%clk 0:02:47]} Nb6 {[%clk 0:02:07]}
17. h4 {[%clk 0:02:26]} d5 {[%clk 0:02:05]} 18. Bd2 {[%clk 0:02:07]} d4
{[%clk 0:01:05]} 19. Ne2 {[%clk 0:02:07]} c5 {[%clk 0:01:02]} 20. gxf6
{[%clk 0:01:48]} Bxf6 {[%clk 0:00:56]} 21. e5 {[%clk 0:01:31]} Bxh4
{[%clk 0:00:56]} 22. Ng1 {[%clk 0:01:23]} Bd8 {[%clk 0:00:52]} 23. Qg4
{[%clk 0:01:16]} Qf7 {[%clk 0:00:52]} 24. Nh3 {[%clk 0:01:09]} Bb7
{[%clk 0:00:50]} 25. Bxb7 {[%clk 0:01:09]} Qxb7+ {[%clk 0:00:51]} 26. Kh2
{[%clk 0:01:11]} Rf5 {[%clk 0:00:51]} 27. Rg1 {[%clk 0:01:11]} Qf7
{[%clk 0:00:50]} 28. Rg3 {[%clk 0:00:59]} Nd5 {[%clk 0:00:48]} 29. Rag1
{[%clk 0:01:00]} g6 {[%clk 0:00:49]} 30. Rf1 {[%clk 0:00:44]} Be7
{[%clk 0:00:46]} 31. c4 {[%clk 0:00:44]} dxc3 {[%clk 0:00:45]} 32. Bxc3
{[%clk 0:00:46]} Rf8 {[%clk 0:00:44]} 33. Bd2 {[%clk 0:00:46]} Kh8
{[%clk 0:00:39]} 34. Rfg1 {[%clk 0:00:45]} Rh5 {[%clk 0:00:38]} 35. R1g2
{[%clk 0:00:30]} Rh4 {[%clk 0:00:37]} 36. Qe2 {[%clk 0:00:31]} Nxf4
{[%clk 0:00:34]} 37. Bxf4 {[%clk 0:00:32]} Qxf4 {[%clk 0:00:35]} 38. Kh1
{[%clk 0:00:11]} Qh6 {[%clk 0:00:36]} 39. Kh2 {[%clk 0:00:11]} Bg5
{[%clk 0:00:37]} 40. Rf2 {[%clk 0:00:03]} Bf4 {[%clk 0:00:36]} 41. Kg2
{[%clk 0:00:05]} Bxg3 {[%clk 0:00:37]} 42. Rxf8+ {[%clk 0:00:06]} Qxf8
{[%clk 0:00:37]} 43. Kxg3 {[%clk 0:00:08]} Rd4 {[%clk 0:00:29]} 44. Qxa6
{[%clk 0:00:08]} Qf5 {[%clk 0:00:27]} 45. Qc8+ {[%clk 0:00:04]} Kg7
{[%clk 0:00:28]} 46. Qc7+ {[%clk 0:00:06]} Kh6 {[%clk 0:00:29]} 47. Nf2
{[%clk 0:00:07]} Rf4 {[%clk 0:00:23]} 48. Qxc5 {[%clk 0:00:06]} Qg5+
{[%clk 0:00:22]} 49. Kh2 {[%clk 0:00:08]} Rf3 {[%clk 0:00:23]} 50. Ne4
{[%clk 0:00:03]} Qf4+ {[%clk 0:00:21]} 51. Kg2 {[%clk 0:00:04]} Qg4+
{[%clk 0:00:22]} 0-1

[Event "Blitz 2018"]
[Site "Saint-Petersburg"]
[Date "2018.12.29"]
[Round "7"]
[Board "34"]
[White "Demchenko Anton (RUS)"]
[Black "Esipenko Andrey (RUS)"]
[Result "1-0"]
[LiveChessVersion "1.4.8"]
[BlackElo "2673"]
[WhiteElo "2572"]

1. e4 c6 2. d4 {[%clk 0:03:03]} d5 {[%clk 0:03:06]} 3. Nd2 {[%clk 0:03:04]} dxe4
{[%clk 0:03:07]} 4. Nxe4 {[%clk 0:03:05]} Bf5 {[%clk 0:03:08]} 5. Qf3
{[%clk 0:03:06]} e6 {[%clk 0:03:02]} 6. Ne2 {[%clk 0:03:06]} Nd7 {[%clk 0:02:44]}
7. N2g3 {[%clk 0:03:07]} Bg6 {[%clk 0:02:46]} 8. h4 {[%clk 0:03:08]} h6
{[%clk 0:02:47]} 9. Bd3 {[%clk 0:03:09]} Bxe4 {[%clk 0:02:39]} 10. Nxe4
{[%clk 0:03:09]} Ngf6 {[%clk 0:02:41]} 11. c3 {[%clk 0:02:53]} Be7
{[%clk 0:02:40]} 12. h5 {[%clk 0:02:48]} Nxe4 {[%clk 0:02:38]} 13. Bxe4
{[%clk 0:02:49]} Nf6 {[%clk 0:02:39]} 14. Bd3 {[%clk 0:02:50]} Qa5
{[%clk 0:02:34]} 15. Bf4 {[%clk 0:02:18]} O-O-O {[%clk 0:02:25]} 16. a4
{[%clk 0:01:59]} a6 {[%clk 0:01:38]} 17. Kf1 {[%clk 0:01:56]} Qd5
{[%clk 0:01:29]} 18. Qxd5 {[%clk 0:01:54]} Nxd5 {[%clk 0:01:30]} 19. Be5
{[%clk 0:01:41]} Bf6 {[%clk 0:01:28]} 20. Bxf6 {[%clk 0:01:38]} gxf6
{[%clk 0:01:25]} 21. g3 {[%clk 0:01:30]} f5 {[%clk 0:01:19]} 22. a5
{[%clk 0:01:29]} Rhg8 {[%clk 0:01:15]} 23. Rh4 {[%clk 0:01:27]} Kd7
{[%clk 0:01:12]} 24. Ke2 {[%clk 0:01:12]} Ke7 {[%clk 0:01:13]} 25. Bc4
{[%clk 0:01:08]} Kf6 {[%clk 0:01:12]} 26. Ra3 {[%clk 0:01:09]} Rd7
{[%clk 0:01:04]} 27. Kf3 {[%clk 0:01:07]} Ke7 {[%clk 0:01:02]} 28. Bxd5
{[%clk 0:00:48]} Rxd5 {[%clk 0:01:03]} 29. Rh1 {[%clk 0:00:42]} Kd8
{[%clk 0:00:54]} 30. b4 {[%clk 0:00:36]} Ke7 {[%clk 0:00:51]} 31. Ra2
{[%clk 0:00:37]} Rg5 {[%clk 0:00:46]} 32. Re2 {[%clk 0:00:34]} Kf6
{[%clk 0:00:46]} 33. Rh4 {[%clk 0:00:33]} Rd8 {[%clk 0:00:46]} 34. Kg2
{[%clk 0:00:32]} Ke7 {[%clk 0:00:44]} 35. Re3 {[%clk 0:00:31]} Kd6
{[%clk 0:00:43]} 36. Re5 {[%clk 0:00:20]} Re8 {[%clk 0:00:38]} 37. Kf3
{[%clk 0:00:19]} f6 {[%clk 0:00:36]} 38. Re1 {[%clk 0:00:20]} e5 {[%clk 0:00:33]}
39. dxe5+ {[%clk 0:00:18]} fxe5 {[%clk 0:00:33]} 40. Rd1+ {[%clk 0:00:14]} Kc7
{[%clk 0:00:34]} 41. Ke3 {[%clk 0:00:13]} Re7 {[%clk 0:00:34]} 42. Rd2
{[%clk 0:00:14]} Rg8 {[%clk 0:00:32]} 43. Rh1 {[%clk 0:00:14]} f4+
{[%clk 0:00:27]} 44. gxf4 {[%clk 0:00:14]} exf4+ {[%clk 0:00:28]} 45. Kf3
{[%clk 0:00:15]} Rg5 {[%clk 0:00:19]} 46. Rd4 {[%clk 0:00:17]} Ree5
{[%clk 0:00:19]} 47. Rxf4 {[%clk 0:00:17]} Rxh5 {[%clk 0:00:20]} 48. Rxh5
{[%clk 0:00:18]} Rxh5 {[%clk 0:00:21]} 49. Rf7+ {[%clk 0:00:19]} Kc8
{[%clk 0:00:22]} 50. Ke4 {[%clk 0:00:16]} c5 {[%clk 0:00:18]} 51. f4
{[%clk 0:00:12]} cxb4 {[%clk 0:00:19]} 52. cxb4 {[%clk 0:00:13]} Rb5
{[%clk 0:00:20]} 53. f5 {[%clk 0:00:15]} Kd8 {[%clk 0:00:17]} 54. Rh7
{[%clk 0:00:13]} Ke8 {[%clk 0:00:18]} 55. Rxh6 {[%clk 0:00:10]} Rxb4+
{[%clk 0:00:16]} 56. Ke5 {[%clk 0:00:11]} Rb5+ {[%clk 0:00:08]} 57. Ke6
{[%clk 0:00:13]} Kd8 {[%clk 0:00:07]} 58. f6 {[%clk 0:00:12]} Rb1
{[%clk 0:00:07]} 59. Rh8+ {[%clk 0:00:13]} Kc7 {[%clk 0:00:09]} 60. f7
{[%clk 0:00:14]} Re1+ {[%clk 0:00:10]} 61. Kd5 {[%clk 0:00:16]} 1-0

[Event "Blitz 2018"]
[Site "Saint-Petersburg"]
[Date "2018.12.29"]
[Round "7"]
[Board "36"]
[White "Van Foreest Jorden (NED)"]
[Black "Moiseenko Vadim (RUS)"]
[Result "1-0"]
[LiveChessVersion "1.4.8"]
[BlackElo "2560"]
[WhiteElo "2657"]

1. e4 {[%clk 0:03:02]} e5 {[%clk 0:03:03]} 2. Nf3 {[%clk 0:03:03]} Nc6
{[%clk 0:03:05]} 3. Bc4 {[%clk 0:03:03]} Nf6 {[%clk 0:03:05]} 4. d3
{[%clk 0:03:05]} h6 {[%clk 0:03:06]} 5. Nc3 {[%clk 0:03:00]} d6 {[%clk 0:03:01]}
6. a3 {[%clk 0:03:01]} g6 {[%clk 0:03:01]} 7. h3 {[%clk 0:02:52]} Bg7
{[%clk 0:03:02]} 8. Be3 {[%clk 0:02:53]} Qe7 {[%clk 0:02:55]} 9. Qd2
{[%clk 0:02:52]} Be6 {[%clk 0:02:54]} 10. Nd5 {[%clk 0:02:45]} Bxd5
{[%clk 0:02:50]} 11. exd5 {[%clk 0:02:45]} Nd4 {[%clk 0:02:38]} 12. O-O-O
{[%clk 0:02:25]} Nxf3 {[%clk 0:02:19]} 13. gxf3 {[%clk 0:02:25]} Nh5
{[%clk 0:02:15]} 14. Bb5+ {[%clk 0:02:24]} Kf8 {[%clk 0:02:16]} 15. Kb1
{[%clk 0:02:22]} Kg8 {[%clk 0:02:14]} 16. d4 {[%clk 0:01:59]} a6 {[%clk 0:02:07]}
17. Ba4 {[%clk 0:01:46]} Qf6 {[%clk 0:02:02]} 18. Qb4 {[%clk 0:01:46]} b5
{[%clk 0:01:52]} 19. dxe5 {[%clk 0:01:47]} Qxe5 {[%clk 0:01:50]} 20. Bd4
{[%clk 0:01:44]} Qf4 {[%clk 0:01:37]} 21. Bb3 {[%clk 0:01:45]} a5
{[%clk 0:01:23]} 22. Qc3 {[%clk 0:01:44]} a4 {[%clk 0:01:24]} 23. Ba2
{[%clk 0:01:41]} Re8 {[%clk 0:01:04]} 24. Bxg7 {[%clk 0:01:31]} Nxg7
{[%clk 0:01:05]} 25. Rd4 {[%clk 0:01:32]} Qe5 {[%clk 0:00:57]} 26. Rb4
{[%clk 0:01:13]} Qe2 {[%clk 0:00:50]} 27. Rc1 {[%clk 0:01:01]} Re7
{[%clk 0:00:50]} 28. Qc6 {[%clk 0:00:53]} Qd2 {[%clk 0:00:42]} 29. c4
{[%clk 0:00:33]} bxc4 {[%clk 0:00:27]} 30. Bxc4 {[%clk 0:00:34]} Kh7
{[%clk 0:00:25]} 31. Qxa4 {[%clk 0:00:34]} Qxf2 {[%clk 0:00:23]} 32. Qb3
{[%clk 0:00:28]} Rhe8 {[%clk 0:00:20]} 33. Ka2 {[%clk 0:00:30]} Nf5
{[%clk 0:00:20]} 34. Bb5 {[%clk 0:00:30]} Re3 {[%clk 0:00:20]} 35. Bxe8
{[%clk 0:00:28]} Rxb3 {[%clk 0:00:21]} 36. Rxb3 {[%clk 0:00:29]} Qa7
{[%clk 0:00:07]} 37. Rbc3 {[%clk 0:00:28]} Qd4 {[%clk 0:00:06]} 38. Bxf7
{[%clk 0:00:28]} Kg7 {[%clk 0:00:07]} 39. Rxc7 {[%clk 0:00:29]} Kf6
{[%clk 0:00:09]} 40. Be6 {[%clk 0:00:30]} Ne3 {[%clk 0:00:06]} 41. f4 g5 42.
fxg5+ {[%clk 0:00:22]} hxg5 {[%clk 0:00:08]} 43. R1c3 {[%clk 0:00:22]} Nd1
{[%clk 0:00:05]} 44. Rf3+ {[%clk 0:00:19]} Kg6 {[%clk 0:00:05]} 45. Bf5+
{[%clk 0:00:19]} Kf6 {[%clk 0:00:04]} 46. Bc2+ {[%clk 0:00:20]} Ke5
{[%clk 0:00:04]} 47. Re7+ {[%clk 0:00:20]} Kxd5 {[%clk 0:00:05]} 48. Rd3
{[%clk 0:00:22]} 1-0

[Event "Blitz 2018"]
[Site "Saint-Petersburg"]
[Date "2018.12.29"]
[Round "7"]
[Board "37"]
[White "Bilguun Sumiya (MGL)"]
[Black "Amonatov Farrukh (TJK)"]
[Result "0-1"]
[LiveChessVersion "1.4.8"]
[BlackElo "2656"]
[WhiteElo "2469"]

1. e4 {[%clk 0:03:02]} c5 {[%clk 0:03:02]} 2. Nf3 {[%clk 0:03:02]} d6
{[%clk 0:03:03]} 3. d4 {[%clk 0:03:02]} cxd4 {[%clk 0:03:04]} 4. Nxd4
{[%clk 0:03:02]} Nf6 {[%clk 0:03:05]} 5. Nc3 {[%clk 0:03:02]} a6 {[%clk 0:03:06]}
6. f4 {[%clk 0:03:02]} e5 {[%clk 0:03:07]} 7. Nf3 {[%clk 0:03:03]} Nbd7
{[%clk 0:03:09]} 8. a4 {[%clk 0:03:04]} Be7 {[%clk 0:03:09]} 9. Bd3
{[%clk 0:03:05]} O-O {[%clk 0:03:09]} 10. O-O {[%clk 0:03:05]} Nc5
{[%clk 0:03:10]} 11. Kh1 {[%clk 0:03:05]} d5 {[%clk 0:03:11]} 12. fxe5
{[%clk 0:02:48]} Nfxe4 {[%clk 0:03:09]} 13. Be3 {[%clk 0:02:32]} Nxc3
{[%clk 0:02:44]} 14. bxc3 {[%clk 0:02:33]} Bg4 {[%clk 0:02:43]} 15. Qe1
{[%clk 0:02:08]} Nxd3 {[%clk 0:02:26]} 16. cxd3 {[%clk 0:02:09]} Bf5
{[%clk 0:02:28]} 17. Qe2 {[%clk 0:01:51]} Rc8 {[%clk 0:02:24]} 18. Bd2
{[%clk 0:01:46]} Qd7 {[%clk 0:02:17]} 19. Nd4 {[%clk 0:01:45]} Bg6
{[%clk 0:02:16]} 20. a5 {[%clk 0:01:41]} Bc5 {[%clk 0:02:11]} 21. h3
{[%clk 0:01:09]} Rfe8 {[%clk 0:02:08]} 22. Bf4 {[%clk 0:01:02]} Bxd4
{[%clk 0:01:40]} 23. cxd4 {[%clk 0:01:03]} Rc3 {[%clk 0:01:40]} 24. Rfd1
{[%clk 0:00:45]} Qb5 {[%clk 0:01:34]} 25. Rdb1 {[%clk 0:00:36]} Qd7
{[%clk 0:01:22]} 26. Rd1 {[%clk 0:00:25]} h6 {[%clk 0:01:20]} 27. Rab1
{[%clk 0:00:25]} Rec8 {[%clk 0:01:18]} 28. Qb2 {[%clk 0:00:17]} Bxd3
{[%clk 0:01:10]} 29. Rbc1 {[%clk 0:00:14]} Rc2 {[%clk 0:01:04]} 30. Qb3
{[%clk 0:00:11]} Be4 {[%clk 0:01:02]} 31. Rxc2 {[%clk 0:00:08]} Bxc2
{[%clk 0:01:01]} 32. Qf3 {[%clk 0:00:07]} Bxd1 33. Qxd1 {[%clk 0:00:09]} Qf5
{[%clk 0:00:56]} 34. Bg3 {[%clk 0:00:04]} Rc2 {[%clk 0:00:54]} 35. e6
{[%clk 0:00:00]} fxe6 {[%clk 0:00:54]} 0-1

[Event "Blitz 2018"]
[Site "Saint-Petersburg"]
[Date "2018.12.29"]
[Round "7"]
[Board "38"]
[White "Bosiocic Marin (CRO)"]
[Black "Popov Ivan (RUS)"]
[Result "1-0"]
[LiveChessVersion "1.4.8"]
[BlackElo "2560"]
[WhiteElo "2653"]

1. e4 {[%clk 0:03:03]} c5 {[%clk 0:03:03]} 2. Nf3 {[%clk 0:03:04]} Nf6
{[%clk 0:03:05]} 3. e5 {[%clk 0:03:05]} Nd5 {[%clk 0:03:06]} 4. Nc3
{[%clk 0:03:06]} Nxc3 {[%clk 0:03:07]} 5. dxc3 {[%clk 0:03:07]} Nc6
{[%clk 0:03:08]} 6. Bf4 {[%clk 0:03:08]} e6 {[%clk 0:03:09]} 7. Bd3
{[%clk 0:03:06]} d5 {[%clk 0:03:07]} 8. exd6 {[%clk 0:03:06]} Bxd6
{[%clk 0:03:08]} 9. Bxd6 {[%clk 0:03:04]} Qxd6 {[%clk 0:03:09]} 10. Qe2
{[%clk 0:03:04]} Bd7 {[%clk 0:02:49]} 11. O-O-O {[%clk 0:03:02]} O-O-O
{[%clk 0:02:47]} 12. Qe3 {[%clk 0:03:03]} Qe7 {[%clk 0:02:39]} 13. Ng5
{[%clk 0:02:59]} f5 {[%clk 0:01:44]} 14. f4 {[%clk 0:02:54]} e5 {[%clk 0:01:35]}
15. Bc4 {[%clk 0:02:49]} Rhf8 {[%clk 0:01:16]} 16. Nxh7 Rfe8 17. Ng5
{[%clk 0:02:40]} exf4 {[%clk 0:01:18]} 18. Qxf4 {[%clk 0:02:41]} Qe5
{[%clk 0:01:06]} 19. Rhf1 {[%clk 0:02:39]} Qxf4+ {[%clk 0:01:06]} 20. Rxf4
{[%clk 0:02:40]} Ne5 {[%clk 0:01:05]} 21. Bd5 {[%clk 0:02:41]} Re7
{[%clk 0:00:58]} 22. c4 {[%clk 0:02:41]} g6 {[%clk 0:00:56]} 23. b3
{[%clk 0:02:39]} Bc6 {[%clk 0:00:53]} 24. h3 {[%clk 0:02:40]} Bxd5
{[%clk 0:00:42]} 25. cxd5 {[%clk 0:02:41]} Rd6 {[%clk 0:00:35]} 26. c4
{[%clk 0:02:42]} a6 {[%clk 0:00:29]} 27. g4 {[%clk 0:02:33]} fxg4
{[%clk 0:00:26]} 28. hxg4 {[%clk 0:02:34]} b5 {[%clk 0:00:23]} 29. Ne6
{[%clk 0:02:28]} bxc4 {[%clk 0:00:21]} 30. bxc4 {[%clk 0:02:29]} Nd7
{[%clk 0:00:16]} 31. Rh1 {[%clk 0:02:21]} Rdxe6 {[%clk 0:00:14]} 32. dxe6
{[%clk 0:02:22]} Rxe6 {[%clk 0:00:15]} 33. Rf7 {[%clk 0:02:14]} Re4
{[%clk 0:00:15]} 34. Rh8+ {[%clk 0:01:50]} Kc7 {[%clk 0:00:16]} 35. Rhh7
{[%clk 0:01:51]} Rxc4+ {[%clk 0:00:17]} 36. Kb2 {[%clk 0:01:52]} Rd4
{[%clk 0:00:19]} 37. Rfg7 {[%clk 0:01:52]} Rd6 {[%clk 0:00:20]} 38. Rh6
{[%clk 0:01:46]} Rd4 {[%clk 0:00:11]} 39. Rhxg6 {[%clk 0:01:43]} a5
{[%clk 0:00:12]} 40. Ra6 {[%clk 0:01:41]} a4 {[%clk 0:00:09]} 41. Ra7+
{[%clk 0:01:32]} Kc6 {[%clk 0:00:10]} 42. Raxd7 {[%clk 0:01:28]} Rxd7
{[%clk 0:00:12]} 43. Rxd7 {[%clk 0:01:29]} Kxd7 {[%clk 0:00:13]} 44. Ka3
{[%clk 0:01:31]} Kd6 {[%clk 0:00:08]} 45. Kxa4 {[%clk 0:01:32]} Ke5
{[%clk 0:00:09]} 46. Kb3 {[%clk 0:01:29]} Kd4 {[%clk 0:00:07]} 47. Kc2
{[%clk 0:01:29]} Kd5 {[%clk 0:00:04]} 1-0

[Event "Blitz 2018"]
[Site "Saint-Petersburg"]
[Date "2018.12.29"]
[Round "7"]
[Board "39"]
[White "Sargissian Gabriel (ARM)"]
[Black "Nozdrachev Vladislav (RUS)"]
[Result "0-1"]
[LiveChessVersion "1.4.8"]
[BlackElo "2521"]
[WhiteElo "2651"]

1. d4 {[%clk 0:03:03]} Nf6 2. Nf3 e6 {[%clk 0:03:00]} 3. c4 {[%clk 0:03:03]} c5
{[%clk 0:02:52]} 4. e3 {[%clk 0:03:03]} g6 {[%clk 0:02:45]} 5. Nc3
{[%clk 0:02:57]} b6 {[%clk 0:02:42]} 6. Be2 {[%clk 0:02:36]} Bg7 {[%clk 0:02:43]}
7. O-O {[%clk 0:02:34]} O-O {[%clk 0:02:43]} 8. b3 {[%clk 0:02:32]} Bb7
{[%clk 0:02:37]} 9. Bb2 {[%clk 0:02:32]} cxd4 {[%clk 0:02:35]} 10. Nxd4
{[%clk 0:02:32]} d5 {[%clk 0:02:27]} 11. Bf3 {[%clk 0:02:10]} e5 {[%clk 0:02:23]}
12. Nc2 {[%clk 0:02:10]} e4 {[%clk 0:02:19]} 13. Be2 {[%clk 0:02:11]} Nc6
{[%clk 0:01:50]} 14. cxd5 {[%clk 0:01:22]} Nxd5 {[%clk 0:01:44]} 15. Qxd5
{[%clk 0:01:09]} Qxd5 {[%clk 0:01:41]} 16. Nxd5 {[%clk 0:01:10]} Bxb2
{[%clk 0:01:41]} 17. Rab1 {[%clk 0:01:12]} Be5 {[%clk 0:01:38]} 18. Ncb4
{[%clk 0:01:01]} Nxb4 {[%clk 0:01:34]} 19. Nxb4 a5 20. Nc2 {[%clk 0:01:03]} Rac8
{[%clk 0:01:31]} 21. Na3 {[%clk 0:01:03]} Rfd8 {[%clk 0:01:20]} 22. Nc4
{[%clk 0:01:02]} Bc7 {[%clk 0:01:19]} 23. a4 {[%clk 0:01:02]} Bd5
{[%clk 0:01:13]} 24. Rfd1 {[%clk 0:00:58]} Be6 {[%clk 0:01:09]} 25. g3
{[%clk 0:00:54]} Kf8 {[%clk 0:01:09]} 26. Kg2 {[%clk 0:00:54]} Ke7
{[%clk 0:01:11]} 27. Rbc1 {[%clk 0:00:51]} Rxd1 {[%clk 0:01:10]} 28. Rxd1
{[%clk 0:00:52]} Rd8 {[%clk 0:01:10]} 29. Rc1 {[%clk 0:00:53]} Rd7
{[%clk 0:01:06]} 30. h3 {[%clk 0:00:46]} f5 {[%clk 0:01:06]} 31. h4
{[%clk 0:00:47]} h6 {[%clk 0:01:07]} 32. Rh1 {[%clk 0:00:42]} Kf6
{[%clk 0:01:08]} 33. Rh2 {[%clk 0:00:34]} Rd5 {[%clk 0:01:01]} 34. Rh1
{[%clk 0:00:33]} b5 {[%clk 0:01:01]} 35. axb5 {[%clk 0:00:31]} Rxb5
{[%clk 0:01:01]} 36. Nd2 {[%clk 0:00:26]} Rb4 {[%clk 0:01:02]} 37. Rc1
{[%clk 0:00:27]} Be5 {[%clk 0:01:02]} 38. Rc6 {[%clk 0:00:27]} Ke7
{[%clk 0:00:39]} 39. Bc4 {[%clk 0:00:28]} Bd7 {[%clk 0:00:35]} 40. Rxg6
{[%clk 0:00:27]} a4 {[%clk 0:00:34]} 41. Ra6 {[%clk 0:00:15]} Bc3
{[%clk 0:00:34]} 42. Nb1 {[%clk 0:00:17]} axb3 {[%clk 0:00:33]} 43. Nxc3
{[%clk 0:00:15]} Rxc4 {[%clk 0:00:34]} 44. Nd5+ {[%clk 0:00:17]} Kf7
{[%clk 0:00:34]} 45. Rb6 {[%clk 0:00:17]} Ba4 {[%clk 0:00:29]} 46. h5
{[%clk 0:00:15]} Rc2 {[%clk 0:00:28]} 47. Rxh6 {[%clk 0:00:13]} Bc6
{[%clk 0:00:26]} 48. Nb4 {[%clk 0:00:12]} Rxf2+ {[%clk 0:00:08]} 49. Kxf2
{[%clk 0:00:10]} b2 {[%clk 0:00:10]} 50. Nxc6 {[%clk 0:00:11]} b1=Q
{[%clk 0:00:10]} 51. Nd4 {[%clk 0:00:12]} Qb2+ {[%clk 0:00:09]} 52. Ne2
{[%clk 0:00:13]} Kg7 {[%clk 0:00:07]} 53. Rg6+ Kh7 54. Rd6 {[%clk 0:00:08]} Qb1
{[%clk 0:00:06]} 55. Nf4 {[%clk 0:00:08]} Qh1 {[%clk 0:00:05]} 56. Rd7+
{[%clk 0:00:09]} Kg8 {[%clk 0:00:05]} 57. Rd8+ {[%clk 0:00:08]} Kf7
{[%clk 0:00:07]} 58. Rd7+ {[%clk 0:00:09]} Ke8 {[%clk 0:00:08]} 59. Rd2
{[%clk 0:00:09]} Qf3+ {[%clk 0:00:09]} 60. Ke1 {[%clk 0:00:08]} Qxe3+
{[%clk 0:00:10]} 61. Ne2 {[%clk 0:00:10]} Qf3 {[%clk 0:00:10]} 62. h6
{[%clk 0:00:07]} e3 {[%clk 0:00:09]} 0-1

[Event "Blitz 2018"]
[Site "Saint-Petersburg"]
[Date "2018.12.29"]
[Round "7"]
[Board "40"]
[White "Oparin Grigoriy (RUS)"]
[Black "Drygalov Andrey (RUS)"]
[Result "1-0"]
[LiveChessVersion "1.4.8"]
[BlackElo "2509"]
[WhiteElo "2641"]

1. Nf3 {[%clk 0:03:03]} Nf6 {[%clk 0:03:04]} 2. g3 {[%clk 0:03:04]} g6
{[%clk 0:03:05]} 3. Bg2 {[%clk 0:03:04]} Bg7 {[%clk 0:03:05]} 4. c4
{[%clk 0:03:05]} c6 {[%clk 0:03:06]} 5. O-O {[%clk 0:03:03]} d5 {[%clk 0:03:06]}
6. b3 {[%clk 0:03:04]} Ne4 {[%clk 0:03:07]} 7. d4 {[%clk 0:03:05]} O-O
{[%clk 0:03:07]} 8. Bb2 {[%clk 0:03:06]} Nd7 {[%clk 0:02:57]} 9. e3
{[%clk 0:03:06]} Ndf6 {[%clk 0:02:58]} 10. Qe2 {[%clk 0:03:02]} a5
{[%clk 0:02:50]} 11. Na3 {[%clk 0:02:53]} a4 {[%clk 0:02:46]} 12. b4
{[%clk 0:02:40]} dxc4 {[%clk 0:02:36]} 13. Nxc4 {[%clk 0:02:35]} Nd5
{[%clk 0:02:13]} 14. a3 {[%clk 0:02:34]} Nec3 {[%clk 0:02:02]} 15. Qe1
{[%clk 0:02:26]} Nb5 {[%clk 0:02:01]} 16. Rc1 {[%clk 0:02:20]} Nb6
{[%clk 0:01:36]} 17. Nce5 {[%clk 0:02:18]} Be6 {[%clk 0:01:27]} 18. Qe2
{[%clk 0:02:13]} f6 {[%clk 0:01:24]} 19. Nd3 {[%clk 0:02:14]} Bf7
{[%clk 0:01:03]} 20. Nc5 {[%clk 0:02:15]} Nd6 {[%clk 0:01:04]} 21. Nd2 e5 22.
dxe5 {[%clk 0:02:00]} fxe5 {[%clk 0:01:07]} 23. Nde4 {[%clk 0:01:46]} Nxe4
{[%clk 0:00:30]} 24. Bxe4 {[%clk 0:01:41]} Qe7 {[%clk 0:00:29]} 25. Rfd1
{[%clk 0:01:41]} Rad8 {[%clk 0:00:27]} 26. Bg2 {[%clk 0:01:41]} Bd5
{[%clk 0:00:23]} 27. Qc2 {[%clk 0:01:22]} Bxg2 {[%clk 0:00:22]} 28. Kxg2
{[%clk 0:01:23]} Qf7 {[%clk 0:00:15]} 29. Qe2 {[%clk 0:01:19]} h5
{[%clk 0:00:15]} 30. h3 {[%clk 0:01:19]} Kh7 {[%clk 0:00:11]} 31. e4
{[%clk 0:01:13]} Bh6 {[%clk 0:00:07]} 32. Rxd8 {[%clk 0:01:13]} Rxd8
{[%clk 0:00:08]} 33. Rd1 {[%clk 0:01:14]} Rxd1 {[%clk 0:00:09]} 34. Qxd1
{[%clk 0:01:15]} Nc4 {[%clk 0:00:09]} 35. Bc1 {[%clk 0:00:45]} Bf8
{[%clk 0:00:11]} 36. Nxa4 {[%clk 0:00:39]} Nd6 {[%clk 0:00:10]} 37. Qd3
{[%clk 0:00:35]} Qc4 {[%clk 0:00:09]} 38. Qxc4 {[%clk 0:00:33]} Nxc4
{[%clk 0:00:10]} 39. Nc3 {[%clk 0:00:33]} Be7 {[%clk 0:00:08]} 40. Kf1
{[%clk 0:00:31]} Bd8 {[%clk 0:00:07]} 41. Ke2 {[%clk 0:00:32]} Bb6
{[%clk 0:00:09]} 42. Kd3 {[%clk 0:00:30]} Nd6 {[%clk 0:00:10]} 43. Nd1
{[%clk 0:00:25]} Kg7 {[%clk 0:00:08]} 44. a4 {[%clk 0:00:26]} Kf6
{[%clk 0:00:08]} 45. h4 {[%clk 0:00:25]} Ke6 {[%clk 0:00:10]} 46. Be3
{[%clk 0:00:24]} Bd8 {[%clk 0:00:10]} 47. Nb2 {[%clk 0:00:20]} Nc8
{[%clk 0:00:06]} 48. Nc4 {[%clk 0:00:21]} Bc7 {[%clk 0:00:05]} 49. Bc5
{[%clk 0:00:19]} b6 {[%clk 0:00:06]} 50. Be3 {[%clk 0:00:19]} b5 {[%clk 0:00:08]}
51. axb5 {[%clk 0:00:20]} cxb5 {[%clk 0:00:09]} 52. Na3 {[%clk 0:00:21]} Nd6
{[%clk 0:00:08]} 53. Bc5 {[%clk 0:00:22]} Bb8 {[%clk 0:00:04]} 54. f3
{[%clk 0:00:22]} Kd7 {[%clk 0:00:04]} 55. Bxd6 {[%clk 0:00:14]} Bxd6
{[%clk 0:00:06]} 56. Nxb5 {[%clk 0:00:14]} Bxb4 {[%clk 0:00:07]} 57. Nc3
{[%clk 0:00:08]} Kc6 {[%clk 0:00:07]} 58. Ne2 {[%clk 0:00:07]} Kd6
{[%clk 0:00:07]} 59. Ke3 {[%clk 0:00:07]} Be1 {[%clk 0:00:08]} 60. f4
{[%clk 0:00:07]} Ke6 {[%clk 0:00:08]} 61. Kf3 {[%clk 0:00:08]} exf4
{[%clk 0:00:07]} 62. Nxf4+ {[%clk 0:00:08]} Kf6 {[%clk 0:00:08]} 63. Nd5+
{[%clk 0:00:08]} Ke5 {[%clk 0:00:09]} 64. Ne3 {[%clk 0:00:09]} Bc3
{[%clk 0:00:08]} 65. Nd1 {[%clk 0:00:09]} Bd4 {[%clk 0:00:09]} 66. Ne3
{[%clk 0:00:09]} Bc3 {[%clk 0:00:10]} 67. Nc4+ {[%clk 0:00:10]} Kd4
{[%clk 0:00:08]} 68. Nb6 {[%clk 0:00:09]} Ke5 {[%clk 0:00:09]} 69. Nd5
{[%clk 0:00:10]} Be1 {[%clk 0:00:09]} 70. Nf4 {[%clk 0:00:08]} Kf6
{[%clk 0:00:08]} 71. e5+ {[%clk 0:00:08]} Kf5 {[%clk 0:00:09]} 72. e6
{[%clk 0:00:08]} Bb4 {[%clk 0:00:10]} 73. Nd5 {[%clk 0:00:08]} Bd6
{[%clk 0:00:03]} 74. e7 {[%clk 0:00:09]} Bxe7 {[%clk 0:00:03]} 75. Nxe7+
{[%clk 0:00:10]} Kf6 {[%clk 0:00:04]} 76. Nd5+ {[%clk 0:00:11]} Ke5
{[%clk 0:00:06]} 77. Ne3 {[%clk 0:00:13]} Kd5 78. Ke4+ 1-0